|
|
|
|
| LEADER |
01444nam a2200325 a 4500 |
| 001 |
16981 |
| 003 |
BD-DhAAL |
| 008 |
020919s2002 enk b 001 0 eng d |
| 010 |
|
|
|a \\2002035287
|
| 020 |
|
|
|a 0415285003 (hbk)
|
| 020 |
|
|
|a 0415285011 (pbk.)
|
| 040 |
|
|
|a DNLM/DLC
|c DLC
|d DLC
|d BD-DhAAL
|
| 050 |
0 |
0 |
|a RS380
|b .P484 2002
|
| 082 |
0 |
0 |
|a 615.19
|2 21
|
| 245 |
0 |
0 |
|a Pharmaceutical biotechnology :
|b an introduction for pharmacists and pharmaceutical scientists /
|c edited by Daan J.A. Crommelin and Robert D. Sindelar.
|
| 250 |
|
|
|a Second edition.
|
| 260 |
|
|
|a London ;
|a New York :
|b Routledge,
|c 2002.
|
| 300 |
|
|
|a xxx.425 pages :
|b illustrations ;
|c 29 cm
|
| 504 |
|
|
|a Includes bibliographical references and index.
|
| 526 |
|
|
|a MNS
|x Professor Naiyyum Choudhury
Department of Mathematics and Natural Sciences
BRAC University
|
| 541 |
|
|
|e 16981
|a Paragon Enterprises LTD.
|
| 650 |
|
0 |
|a Pharmaceutical biotechnology.
|9 1499
|
| 650 |
1 |
2 |
|a Technology, Pharmaceutical.
|9 1500
|
| 650 |
1 |
2 |
|a Pharmacy.
|9 43694
|
| 700 |
1 |
|
|a Crommelin, D. J. A.
|q (Daan J. A.)
|9 1501
|
| 700 |
1 |
|
|a Sindelar, Robert D.
|9 1502
|
| 852 |
4 |
|
|a Ayesha Abed Library
|c General Stacks
|
| 942 |
|
|
|2 ddc
|c BK
|
| 999 |
|
|
|c 347
|d 347
|
| 952 |
|
|
|0 0
|1 4
|2 ddc
|4 0
|6 615_190000000000000_PHA
|7 0
|9 314
|a BRACUL
|b BRACUL
|c GEN
|d 2009-05-04
|e Paragon Enterprises LTD
|h 3859.00
|l 0
|o 615.19 PHA
|p 3010016981
|r 2009-05-04
|t 1
|w 2009-05-04
|y BK
|x Koha Inventory 2020 ; Requisitioned by Professor Naiyyum Choudhury.
|